000 00340nam a2200145Ia 4500
008 240624s9999 xx 000 0 und d
041 _aeng
082 _a658.408 MAL
100 _aMALLIN CHRISTINE
245 _aCORPORATE GOVERNANCE
250 _a(4th ed.)
260 _c2013
_aNew Delhi
_bOxford
300 _a408 : p.
365 _cRS
_b31
999 _c21927
_d21927